Deriváty 4-benzoylizoxazolu, spôsob ich prípravy a ich použitie akoherbicídov. C 07D 261/18

Bibliographic Details
Main Author: Cain, Paul Alfred (Author)
Format: Book
Language:Undetermined
PhysicalDescription:18 s.
Published: Banská Bystrica Úrad priemyselného vlastníctva SR 1997

MARC

LEADER 00000nam a2200000 a 4500
001 vtls001223934
003 SK-MaSNL
005 20260301154623.0
008 240313s1997 xo 0 und
035 |a SNK000170203 
040 |a SNK  |b slo  |c SNK  |e AACR2 
044 |a xo  |c SK 
100 1 |a Cain, Paul Alfred  |4 aut  |9 517762 
245 1 |a Deriváty 4-benzoylizoxazolu, spôsob ich prípravy a ich použitie akoherbicídov. C 07D 261/18 
260 |a Banská Bystrica  |b Úrad priemyselného vlastníctva SR  |c 1997 
300 |a 18 s. 
999 |c 797487  |d 799417 
952 |t P60, <04>, [BOOK], {604}  |a SNK  |b SNK  |y VYP  |7 0  |p 17A0052979  |o snkSK 278353 D1  |i snkPS 85/97  |0 0  |1 0  |4 0  |d 1997-04-30  |l 0  |r 2005-01-01 00:00:00  |w 2026-02-24